ბათუმის შოთა რუსთაველის სახელმწიფო უნივერსიტეტის ბიბლიოთეკა

Electromagnetic fields and waves / (ბიბ.ჩანაწერი № 57797)

000 -LEADER
fixed length control field 00582cam a2200181 i 4500
001 - CONTROL NUMBER
control field 393522
005 - DATE AND TIME OF LATEST TRANSACTION
control field 20221108143143.0
008 - FIXED-LENGTH DATA ELEMENTS--GENERAL INFORMATION
fixed length control field 800612s2018 nyua b 001 0 eng
020 ## - INTERNATIONAL STANDARD BOOK NUMBER
International Standard Book Number 9780486638348x
080 ## - UNIVERSAL DECIMAL CLASSIFICATION NUMBER
Universal Decimal Classification number 537.8 R-66
100 1# - MAIN ENTRY--PERSONAL NAME
Personal name Rojansky, Vladimir Borisovich
Dates associated with a name
9 (RLIN) 9859
245 10 - TITLE STATEMENT
Title Electromagnetic fields and waves /
Statement of responsibility, etc. by Vladimir Rojansky.
264 ## - PRODUCTION, PUBLICATION, DISTRIBUTION, MANUFACTURE, AND COPYRIGHT NOTICE
Place of production, publication, distribution, manufacture New York :
Name of producer, publisher, distributor, manufacturer Dover Publications,
Date of production, publication, distribution, manufacture, or copyright notice 2018.
300 ## - PHYSICAL DESCRIPTION
Extent 464 p. :
Other physical details ill. ;
Dimensions 21 cm.
653 ## - INDEX TERM--UNCONTROLLED
keyword ფიზიკა
653 ## - INDEX TERM--UNCONTROLLED
keyword ელექტრომაგნიტური ველები
942 ## - ADDED ENTRY ELEMENTS (KOHA)
Source of classification or shelving scheme
Koha item type წიგნი
ეგზემპლარები
Withdrawn status Lost status Source of classification or shelving scheme Damaged status Not for loan Permanent Location Current Location Shelving location Date acquired Cost, normal purchase price Full call number Barcode Date last seen Copy number Price effective from Koha item type Public note
          ბათუმის შოთა რუსთაველის სახელმწიფო უნივერსიტეტის მთავარი ბიბლიოთეკა ბათუმის შოთა რუსთაველის სახელმწიფო უნივერსიტეტის მთავარი ბიბლიოთეკა წიგნსაცავი 2020-12-08 55.79 537.8 R-66 61144 2020-12-08 61144 2020-12-08 წიგნი 55 ლ. 79 თ.